000 00954nas a2200277 4500
001 BR8000726
003 BR-BrBNA
005 20231205084124.0
007 ta
008 230509b bl.|||p| |||| 00| 00por d
040 _aBR-BrBNA
_bpor
_cBiblioteca Nacional de Agricultura
041 _a(Pt)
072 _aH20
100 1 _aCardoso, J.E.
100 1 _aFreire, F.C.O.
100 1 _aAlbuquerque, F.C.
245 1 _aMancha foliar do caupi causada por cylindrocladium clavatum Hodges and May [Vigna unguiculata; Amazonas; Brasil]
246 1 _aLeaf spot of cowpea caused by cylindrocladium clavatum Hodges and May [Vigna unguiculata; Amazonas; Brazil]
650 _aDoenca de planta
650 _aFeijao de corda
650 _aMancha foliar
650 _aAmazonas
773 0 _tFitopatologia Brasileira (Brazil)
_xISSN 0100-4158
_g(Feb 1980), v. 5(1) p. 121-123
_wBR8000726
909 _a202311
_bLúcia
_c55
_dLúcia Elande
942 _2AGRIS
_n0
_cANA
999 _c103266
_d103266